Szent Anna és annak kultusza tájainkon II.

Bibliographic Details
Main Author: Csáky, Károly, 1950- (Author)
Format: Article
Language:Hungarian
PhysicalDescription:Fotogr.
Dokončenie
ISSN:1335-6534
Subjects:

MARC

LEADER 00000nab a2200000 ar4500
001 vtls009313552
003 SK-MaSNL
005 20260319070937.0
008 080721c2008 xo |||||||| 000 b|hun
015 |a SNBRB2008/07  |2 snkbucl 
038 |a SNKBUCL 
040 |a DSZK  |b slo  |c DSZK  |e AACR2 
041 0 |a hun 
044 |a xo  |c SK 
080 |a 235.3  |2 1997 
080 |a 929 Anna, sv.  |2 1997 
100 1 |a Csáky, Károly,  |d 1950-  |4 aut  |9 99675 
245 1 0 |a Szent Anna és annak kultusza tájainkon  |n II.  |c Csáky Károly 
300 |b Fotogr. 
300 |b Dokončenie 
500 |a Článok je úryvkom z dlhšej štúdie 
600 0 7 |a Anna,  |c svätá  |2 snkbucl  |9 30660 
773 0 |t Remény  |g Évf. XIX, sz. 30 (2008), o. 12-13  |x 1335-6534 
852 |a SNK  |b KIS3GCP 
852 |a DSZK  |b KIS3GCP 
958 |a HU 
958 |a NT 
999 |c 1729095  |d 1731025